Snel reken quiz zo maar even tussendoor quiz 7 - Statistieken

Algemene statistieken
  • Deze quiz is 19 keer genomen
  • De gemiddelde score is 18 van 20
Antwoordstatistieken
Hint Antwoord % Correct
22 : 22 = 1
100%
257 - 139 = 118
100%
96 : 6 = 16
100%
49 + 113 = 162
100%
75 - 49 = 26
100%
115 x 3 = 345
100%
119 x 3 = 357
100%
22 + 22 = 44
100%
127 - 79 = 48
100%
122 - 24 = 98
100%
231 + 135 = 366
92%
137 - 59 = 78
92%
231 - 135 = 96
92%
99 + 176 = 275
85%
78 x 5 = 390
85%
625 : 5 = 125
77%
57 x 5 = 285
77%
22 x 22 = 484
77%
25 x 25 = 625
77%
17 x 17 = 289
62%
Geen overeenkomende quizzen gevonden
Scoreverdeling
Procent van Mensen met Elke Score
Percentiel versus Aantal Correcte Antwoorden
Uw Scoregeschiedenis
U heeft deze quiz nog niet genomen